000 00721nam a22001577a 4500
003 OSt
005 20151002133126.0
008 151002b xxu||||| |||| 00| 0 eng d
040 _cRUA
082 _aAVM DUK 1995 B069 Or.1
100 _91747
_aDUKPROSSE SEILA
245 _aPoultry raising farm opening plan and credit system in samdach hun sen development center, (ការបង្កើតគំរោងកសិដ្ឋានចិញ្ចឹមបក្សី និងប្រព័ន្ធឥណទានក្នុងមជ្ឈមណ្ឌលអភិវឌ្ឍន៍ សម្ដេច ហ៊ុនសែន)
260 _aphnom penh
_bRUA
_c1995
300 _a63p.
_bill.
_c29cm.
942 _2ddc
_cAVM
999 _c1649
_d1649